LEADER 03773oam 2200637I 450 001 9910462782903321 005 20200520144314.0 010 $a1-283-92001-8 010 $a0-203-06949-8 010 $a1-135-08703-2 024 7 $a10.4324/9780203069493 035 $a(CKB)2670000000315324 035 $a(EBL)1104824 035 $a(OCoLC)824118065 035 $a(SSID)ssj0000866952 035 $a(PQKBManifestationID)11560124 035 $a(PQKBTitleCode)TC0000866952 035 $a(PQKBWorkID)10880967 035 $a(PQKB)11669203 035 $a(MiAaPQ)EBC1104824 035 $a(Au-PeEL)EBL1104824 035 $a(CaPaEBR)ebr10641647 035 $a(CaONFJC)MIL423251 035 $a(OCoLC)847549993 035 $a(EXLCZ)992670000000315324 100 $a20180706e20131977 uy 0 101 0 $aeng 135 $aur|n|---||||| 181 $ctxt 182 $cc 183 $acr 200 10$aEgypt, 1798-1952 $eher advance towards a modern identity /$fJ.C.B. Richmond 210 1$aOxon [England] :$cRoutledge,$d2013. 215 $a1 online resource (264 p.) 225 0 $aRoutledge library editions : Egypt ;$vv. 5 300 $aFirst published in 1977. 311 $a0-415-75435-6 311 $a0-415-81118-X 320 $aIncludes bibliographical references and index. 327 $aCover; ROUTLEDGE LIBRARY EDITIONS: EGYPT; Copyright Page; Title Page; Table of Contents; Illustrations; Maps; Ottoman Sultans of the Period; Valis, Khedives, Sultans and Kings of Egypt of the House of Mohamed Aly; Preface; 1 Prologue; 2 The French in Egypt, 1798-1801; 3 Mohamed Aly; I The climb to power, 1801-1811; II The early expansion and the Greek campaign, 1811-1831; III The Syrian Empire, 1831-1841; IV The Egyptian base; 4 The European Takeover, 1841-1879; I Two valis and a khedive; II The legal conditions; III The integration of Egypt into world trade; IV The Suez Canal; V The debt 327 $aVI The deposition of Isma'ilVII Accompanying social and educational change; 5 The Law of Liquidation and the Arabist Movement,1879-1882; 6 The Reign of Evelyn Baring, Lord Cromer, 1883-1907; I Finance, diplomacy and administration; II The Sudan; III The nationalist revival; 7 Egypt after Cromer, 1907-1918; I The liberalization experiment; II The restoration of paternalism; III The impact of World War I; 8 Egypt's British Problem, 1918-1936; I The posing of the problem; (a) the 1919 rebellion; (b) the Milner mission; II The working out of the problem 327 $a9 The Lingering Death of Constitutional Monarchy,1936-1952I Its constitutional weaknesses; II The course and effect of World War II in Egypt; III The last seven years, 1945-1952; 10 Epilogue; A Note on Transliteration; Glossary; Bibliography; Index 330 $aEgypt was the first of the Arab-speaking Muslim countries to come into close contact with modern European states. The experience was not a particularly happy one. It resulted in political and economic subjugation and in the breakdown of her traditional culture and society: but it led also to her emancipation from the Ottoman Empire and to the eventual development of a modern and autonomous Egyptian identity.The central aim of this book is to trace the history of Egypt during this period of change, from Napoleon's invasion at the end of the eighteenth century to the Free Officer's Rev 410 0$aRoutledge Library Editions: Egypt 607 $aEgypt$xHistory$y1798- 608 $aElectronic books. 676 $a962 676 $a962.03 676 $a962/.03 700 $aRichmond$b J. C. B$g(John C. B.),$f1909-,$0853959 801 0$bFlBoTFG 801 1$bFlBoTFG 906 $aBOOK 912 $a9910462782903321 996 $aEgypt, 1798-1952$91906606 997 $aUNINA LEADER 01239cam a2200301 i 4500 001 991002903919707536 008 020 $a8837103832 035 $ab14252120-39ule_inst 040 $aBibl. Dip.le Aggr. Matematica e Fisica - Sez. Matematica$beng 082 04$a530.11 084 $aAMS 83-XX 084 $aAMS 85-XX 111 2 $aConvegno nazionale di relatività generale e fisica della gravitazione <6. ; 1984 ; Firenze>$0426370 245 10$aAtti del 6. Convegno nazionale di relatività generale e fisica della gravitazione :$bFirenze 10-13 ottobre 1984 /$ca cura di R. Fabbri e M. Modugno 260 $aBologna :$bPitagora,$c1986 300 $axii, 295 p. :$bill. ;$c25 cm 650 0$aPhysics 650 0$aMechanics 650 0$aQuantum theory 700 1 $aFabbri, Roberto 700 1 $aModugno, Marco 907 $a.b14252120$b24-10-16$c29-03-16 912 $a991002903919707536 945 $aLE013 00B FAB11 (1986)$g1$i2013000292946$lle013$og$pE55.00$q-$rl$s- $t0$u1$v0$w1$x0$y.i15784824$z24-10-16 996 $aAtti del 6. convegno nazionale di relatività generale e fisica della gravitazione$9353941 997 $aUNISALENTO 998 $ale013$b29-03-16$cm$da $e-$fita$git $h0$i0 LEADER 06630nam 2200793 a 450 001 9911019279903321 005 20200520144314.0 010 $a9786613814364 010 $a9781118219607 010 $a1118219600 010 $a9781119205111 010 $a1119205115 010 $a9781282253711 010 $a1282253719 010 $a9781118219553 010 $a1118219554 035 $a(CKB)2550000000082738 035 $a(EBL)817927 035 $a(SSID)ssj0000614178 035 $a(PQKBManifestationID)12250658 035 $a(PQKBTitleCode)TC0000614178 035 $a(PQKBWorkID)10604565 035 $a(PQKB)11529572 035 $a(MiAaPQ)EBC817927 035 $a(OCoLC)785779894 035 $a(CaSebORM)9781118132494 035 $a(FR-PaCSA)88944895 035 $a(FRCYB88944895)88944895 035 $a(Perlego)1003800 035 $a(EXLCZ)992550000000082738 100 $a20110902d2012 uy 0 101 0 $aeng 135 $aur|n|---||||| 181 $ctxt 182 $cc 183 $acr 200 10$aCFO fundamentals $eyour quick guide to internal controls, financial reporting, IFRS, Web 2.0, cloud computing, and more /$fJae K. Shim, Joel G. Siegel, and Allison I. Shim 205 $a4th ed. 210 $aHoboken, N.J. $cWiley$d2012 215 $a1 online resource (784 p.) 225 0 $aWiley corporate F&A 300 $aRev. ed. of: The vest pocket CFO. 3rd ed. c2008. 300 $aIncludes index. 311 08$a9781118132494 311 08$a1118132491 327 $aCFO Fundamentals; Contents; What This Book Will Do for You; PART ONE: REPORTS AND FILINGS; 1: Chief Financial Offi cer's Role and Reports; Role of the Chief Financial Officer; Governmental Reporting; Reporting under the Sarbanes-Oxley Act; XBRL Reporting; Other Reporting; 2: Securities and Exchange Commission Filings; SEC Rules; S Forms; SEC Regulations; SOX Reporting Requirements; PART TWO: FINANCIAL REPORTING; 3: Financial Statement Reporting: The Income Statement; How Is the Income Statement Presented?; Revenue Recognition; Construction Contracts; Expense Recognition 327 $a4: Financial Statement Reporting: The Balance SheetAssets; Accounts Receivable; Inventory; Fixed Assets; Disclosure; Liabilities; Accounting for Compensated Absences; Environmental Obligations; Exit or Disposal Activities; Fair Value Measurements; Fair Value Option for Financial Assets and Financial Liabilities; Statement of Cash Flows; Available-for-Sale and Held-to-Maturity Securities; 5: Statement of Cash Flows; Classifications of Cash Flow; Analysis of the Statement of Cash Flows; 6: Accounting and Disclosures; Accounting Changes; Futures Contracts; Various Disclosures 327 $a7: Key Financial Accounting AreasConsolidation; Investments in Stocks and Bonds; Leases; Pension Plans; Postretirement Benefits Excluding Pensions; Income Tax Allocation; Deferred Tax Liability versus Deferred Tax Asset; Tax Rates; Foreign Currency Accounting; Translation of Foreign Currency Statements When the Foreign Currency Is the Functional Currency; International Financial Reporting Standards; 8: Interim and Segmental Reporting; Interim Reporting; Segmental Reporting; PART THREE: COST MANAGEMENT AND IT SYSTEMS; 9: Cost Management and Analysis; What Is Cost Management and Analysis? 327 $aStrategic Cost ManagementOverhead Costing; Activity-Based Costing; Activity-Based Management; Target Costing and Pricing; 10: Cost-Volume-Profit Analysis and Leverage; Cost-Volume-Profit Analysis; What-If Analysis; Sales-Mix Analysis; CVP Analysis for Nonprofit Organizations; Leverage; 11: Short-Term Decisions; Relevant Costs; Best Use of Scarce Resources; Theory of Constraints; 12: Financial Forecasting, Planning, and Budgeting; Financial Forecasting: The Percent-of-Sales Method; Budgeting; Some Financial Calculations; Budgeting Software 327 $aUsing an Electronic Spreadsheet to Develop a Budget PlanLatest Generation of Budgeting and Planning Software and E-Budgeting; 13: Risk Management; Enterprise Risk Management; An Approach to Risk Management; A Close Look at Risk Management; How to Reduce Investment Risk: Diversify; Beta-The Capital Asset Pricing Model; Arbitrage Pricing Model; 14: Capital Budgeting and Real Options; Time Value Fundamentals; Popular Evaluation Techniques; Limited Funds for Capital Spending; Real Options; Discovery-Driven Planning; Effect of Income Taxes on Capital Budgeting Decisions 327 $a15: The What and Why of Responsibility Accounting 330 $a"The thorough reference that goes wherever you goThe Complete CFO Reference is the perfect up-to-date reference tool for today's busy CFO, controller, treasurer, and other finance professionals. Written in an easy format and packed with checklists, samples, and worked-out solutions for a wide variety of accounting and finance problems, readers can take this handy reference wherever they go-on a business trip, visiting a client, conducting a conference call, or attending a meeting. Covers all major developments in finance and accounting every CFO needs to know about including IFRS, Web-based planning, and ranging from financial reporting and internal control to financial decision making for shareholder value maximization Includes tables, forms, checklists, questionnaires, practical tips, and sample reports Incorporates Accounting Standards Codification (ASC) throughout the book, as well as coverage of International Financial Reporting Standards (IFRS) and its impact on financial reporting, XBRL reporting, risk management and disaster recovery, Web-based planning and budgeting, Web 2.0, cloud computing, and environmental costing Simplifying day-to-day work in dozens of critical areas, The Complete CFO Reference is the perfect up-to-date reference tool for today's busy chief financial officer (CFO), controller, treasurer, financial director, budgeting director, and other financial professionals in public practice and private industry"--$cProvided by publisher. 410 0$aWiley Corporate F&A 517 3 $aChief financial officer fundamentals 606 $aCorporations$zUnited States$xFinance$vHandbooks, manuals, etc 615 0$aCorporations$xFinance 676 $a658.15 686 $aBUS001040$2bisacsh 700 $aShim$b Jae K$0727739 701 $aSiegel$b Joel G$0222341 701 $aShim$b Allison I.$f1984-$0869502 701 $aShim$b Jae K$0727739 801 0$bMiAaPQ 801 1$bMiAaPQ 801 2$bMiAaPQ 906 $aBOOK 912 $a9911019279903321 996 $aCFO fundamentals$94420852 997 $aUNINA